[Event "c14"]
[Site "?"]
[Date "2020.08.27"]
[Round "7.1"]
[White "Klimkowski, Jan"]
[Black "Fiszer, Bartosz"]
[Result "1-0"]
[BlackElo "1905"]
[WhiteElo "1902"]
[LiveChessVersion "1.4.8"]

1. d4 {[%clk 0:03:03]} a6 {[%clk 0:02:54]} 2. e4 {[%clk 0:02:59]} b5
{[%clk 0:02:55]} 3. Bd3 {[%clk 0:03:00]} Bb7 {[%clk 0:02:56]} 4. Ne2
{[%clk 0:03:00]} e6 {[%clk 0:02:55]} 5. O-O {[%clk 0:02:59]} c5 {[%clk 0:02:44]}
6. c3 {[%clk 0:02:59]} Nc6 {[%clk 0:02:42]} 7. d5 {[%clk 0:02:47]} Ne5
{[%clk 0:02:23]} 8. Bc2 {[%clk 0:02:47]} exd5 {[%clk 0:02:20]} 9. exd5
{[%clk 0:02:39]} Nf6 {[%clk 0:02:10]} 10. Re1 {[%clk 0:02:26]} Be7
{[%clk 0:01:43]} 11. d6 {[%clk 0:02:23]} O-O {[%clk 0:01:10]} 12. dxe7
{[%clk 0:02:24]} Qxe7 {[%clk 0:01:11]} 13. Ng3 {[%clk 0:02:25]} Rfe8
{[%clk 0:01:04]} 14. Rf1 {[%clk 0:01:55]} Nfg4 {[%clk 0:00:29]} 15. h3
{[%clk 0:01:48]} Qh4 {[%clk 0:00:24]} 16. Be4 {[%clk 0:01:04]} d5
{[%clk 0:00:14]} 17. Bf5 {[%clk 0:00:42]} Nxf2 {[%clk 0:00:11]} 18. Rxf2
{[%clk 0:00:28]} Qxg3 {[%clk 0:00:08]} 19. Bf4 {[%clk 0:00:28]} Qh4
{[%clk 0:00:05]} 20. Nd2 {[%clk 0:00:25]} d4 {[%clk 0:00:05]} 21. cxd4
{[%clk 0:00:19]} cxd4 {[%clk 0:00:06]} 22. Bxe5 {[%clk 0:00:17]} Rxe5
{[%clk 0:00:06]} 23. Qg4 {[%clk 0:00:18]} Qe7 {[%clk 0:00:06]} 24. Raf1
{[%clk 0:00:18]} Rf8 {[%clk 0:00:07]} 25. Bd3 {[%clk 0:00:18]} g6
{[%clk 0:00:08]} 26. Bb1 {[%clk 0:00:10]} Rg5 {[%clk 0:00:06]} 27. Qxd4
{[%clk 0:00:09]} Rd8 {[%clk 0:00:05]} 28. Qf4 {[%clk 0:00:10]} Rf8
{[%clk 0:00:05]} 29. Nf3 {[%clk 0:00:11]} Rd5 {[%clk 0:00:06]} 30. Qg3
{[%clk 0:00:11]} Qc5 {[%clk 0:00:07]} 31. Kh2 {[%clk 0:00:12]} Qb4
{[%clk 0:00:08]} 32. Qg4 {[%clk 0:00:11]} Qc5 {[%clk 0:00:07]} 33. Be4
{[%clk 0:00:10]} Qc7+ {[%clk 0:00:06]} 34. Qg3 {[%clk 0:00:10]} Rc5
{[%clk 0:00:04]} 35. Qxc7 {[%clk 0:00:10]} Rxc7 {[%clk 0:00:05]} 36. Bxb7
{[%clk 0:00:11]} Rxb7 {[%clk 0:00:07]} 37. Rd2 {[%clk 0:00:12]} Rc7
{[%clk 0:00:08]} 38. Re1 {[%clk 0:00:13]} Rfc8 {[%clk 0:00:09]} 39. Red1
{[%clk 0:00:14]} Rc2 {[%clk 0:00:09]} 40. Rxc2 {[%clk 0:00:15]} Rxc2
{[%clk 0:00:10]} 41. Rd2 {[%clk 0:00:16]} Rc1 {[%clk 0:00:11]} 42. Kg3
{[%clk 0:00:17]} Kg7 {[%clk 0:00:13]} 43. Kf4 {[%clk 0:00:18]} f6
{[%clk 0:00:13]} 44. Ke4 {[%clk 0:00:20]} f5+ {[%clk 0:00:12]} 45. Kd3
{[%clk 0:00:21]} Kf6 {[%clk 0:00:13]} 46. Rc2 {[%clk 0:00:23]} Rd1+
{[%clk 0:00:14]} 47. Ke2 {[%clk 0:00:24]} Rb1 {[%clk 0:00:15]} 48. b3
{[%clk 0:00:24]} Ra1 {[%clk 0:00:15]} 49. Rc6+ {[%clk 0:00:25]} Kf7
{[%clk 0:00:15]} 50. Rxa6 {[%clk 0:00:26]} b4 {[%clk 0:00:16]} 51. Ne5+
{[%clk 0:00:27]} Kg7 {[%clk 0:00:17]} 52. Nd3 {[%clk 0:00:29]} Rg1
{[%clk 0:00:17]} 53. Kf2 {[%clk 0:00:30]} Rb1 {[%clk 0:00:16]} 54. Nxb4
{[%clk 0:00:31]} Rb2+ {[%clk 0:00:17]} 55. Kf3 {[%clk 0:00:32]} g5
{[%clk 0:00:18]} 56. Nd3 {[%clk 0:00:33]} g4+ {[%clk 0:00:19]} 57. hxg4
{[%clk 0:00:34]} fxg4+ {[%clk 0:00:20]} 58. Kg3 {[%clk 0:00:35]} Rd2
{[%clk 0:00:21]} 59. Nf4 {[%clk 0:00:35]} h5 {[%clk 0:00:19]} 60. Nxh5+
{[%clk 0:00:36]} Kf7 {[%clk 0:00:20]} 61. Nf4 {[%clk 0:00:37]} 1-0

[Event "c14"]
[Site "?"]
[Date "2020.08.27"]
[Round "7.2"]
[White "Chyzy, Jakub"]
[Black "Wnek, Filip"]
[Result "1-0"]
[BlackElo "1607"]
[WhiteElo "2005"]
[LiveChessVersion "1.4.8"]

1. e4 {[%clk 0:03:03]} c5 {[%clk 0:03:03]} 2. Nf3 {[%clk 0:03:04]} d6
{[%clk 0:03:05]} 3. d4 {[%clk 0:03:04]} cxd4 {[%clk 0:03:06]} 4. Qxd4
{[%clk 0:03:06]} Bd7 {[%clk 0:03:07]} 5. c4 {[%clk 0:03:07]} Nc6 {[%clk 0:03:07]}
6. Qe3 {[%clk 0:03:08]} Nf6 {[%clk 0:03:09]} 7. h3 {[%clk 0:03:06]} e6
{[%clk 0:03:07]} 8. Be2 {[%clk 0:03:06]} Be7 {[%clk 0:03:08]} 9. O-O
{[%clk 0:03:06]} O-O {[%clk 0:03:08]} 10. Nc3 {[%clk 0:03:05]} a6
{[%clk 0:03:09]} 11. Rd1 {[%clk 0:03:00]} Qc7 {[%clk 0:03:10]} 12. b3
{[%clk 0:02:57]} Rfd8 {[%clk 0:03:11]} 13. Bb2 {[%clk 0:02:54]} Rac8
{[%clk 0:03:11]} 14. Nd4 {[%clk 0:02:51]} Nxd4 {[%clk 0:02:55]} 15. Qxd4
{[%clk 0:02:51]} Bc6 {[%clk 0:02:55]} 16. f4 {[%clk 0:02:27]} Ne8
{[%clk 0:02:49]} 17. Kh1 {[%clk 0:02:14]} Bf6 {[%clk 0:02:48]} 18. Qe3
{[%clk 0:02:13]} Qb8 {[%clk 0:02:39]} 19. Rab1 {[%clk 0:01:22]} b5
{[%clk 0:02:32]} 20. cxb5 {[%clk 0:01:14]} axb5 {[%clk 0:02:32]} 21. Bf3
{[%clk 0:01:11]} b4 {[%clk 0:02:06]} 22. Ne2 {[%clk 0:01:11]} Bxb2
{[%clk 0:02:03]} 23. Rxb2 {[%clk 0:01:12]} Qa8 {[%clk 0:01:56]} 24. Rbd2
{[%clk 0:01:01]} Qb8 {[%clk 0:01:36]} 25. Nd4 {[%clk 0:00:42]} Ba8
{[%clk 0:01:31]} 26. e5 {[%clk 0:00:29]} dxe5 {[%clk 0:01:23]} 27. fxe5
{[%clk 0:00:23]} Nc7 {[%clk 0:01:10]} 28. Bxa8 {[%clk 0:00:10]} Qxa8
{[%clk 0:01:11]} 29. Rf1 {[%clk 0:00:09]} Nd5 {[%clk 0:01:09]} 30. Qf3
{[%clk 0:00:10]} Qb7 {[%clk 0:01:02]} 31. Rdf2 {[%clk 0:00:12]} Qc7
{[%clk 0:00:35]} 32. Qxf7+ {[%clk 0:00:10]} Qxf7 {[%clk 0:00:34]} 33. Rxf7
{[%clk 0:00:11]} Ne3 {[%clk 0:00:33]} 34. Nxe6 {[%clk 0:00:06]} Nxf1
{[%clk 0:00:33]} 35. Nxd8 {[%clk 0:00:07]} Ng3+ 36. Kh2 Rxd8 {[%clk 0:00:35]} 37.
Rb7 {[%clk 0:00:09]} Ne4 {[%clk 0:00:32]} 38. Rxb4 {[%clk 0:00:10]} Nc3
{[%clk 0:00:33]} 39. a4 Re8 {[%clk 0:00:26]} 40. Rc4 {[%clk 0:00:12]} Nd5
{[%clk 0:00:26]} 41. Rc5 {[%clk 0:00:13]} Nb6 {[%clk 0:00:24]} 42. a5
{[%clk 0:00:14]} Nd7 {[%clk 0:00:25]} 43. Rc7 {[%clk 0:00:13]} Nxe5
{[%clk 0:00:26]} 44. a6 {[%clk 0:00:14]} Ra8 45. a7 {[%clk 0:00:15]} h6
{[%clk 0:00:25]} 46. b4 Nf7 {[%clk 0:00:22]} 47. Rb7 {[%clk 0:00:12]} Kh7
{[%clk 0:00:22]} 48. Rxf7 {[%clk 0:00:13]} Kg6 {[%clk 0:00:20]} 49. Rc7
{[%clk 0:00:14]} Kf6 {[%clk 0:00:22]} 50. b5 {[%clk 0:00:16]} 1-0

[Event "c14"]
[Site "?"]
[Date "2020.08.27"]
[Round "7.3"]
[White "Malinowski, Szymon"]
[Black "Wojdak, Jan"]
[Result "1/2-1/2"]
[BlackElo "1772"]
[WhiteElo "1663"]
[LiveChessVersion "1.4.8"]

1. d4 {[%clk 0:03:03]} d5 {[%clk 0:03:04]} 2. Nf3 {[%clk 0:03:04]} e6
{[%clk 0:03:05]} 3. Bf4 {[%clk 0:03:05]} c5 {[%clk 0:03:06]} 4. e3
{[%clk 0:03:04]} Nc6 {[%clk 0:03:07]} 5. c3 {[%clk 0:03:05]} Bd6 {[%clk 0:03:08]}
6. Bg3 {[%clk 0:03:06]} Nf6 {[%clk 0:03:09]} 7. Bd3 {[%clk 0:03:06]} O-O
{[%clk 0:03:07]} 8. Nbd2 {[%clk 0:03:06]} Re8 {[%clk 0:02:56]} 9. O-O
{[%clk 0:03:05]} e5 {[%clk 0:02:46]} 10. dxe5 {[%clk 0:03:06]} Nxe5
{[%clk 0:02:47]} 11. Nxe5 {[%clk 0:03:06]} Bxe5 {[%clk 0:02:49]} 12. Nf3
{[%clk 0:03:05]} Bxg3 {[%clk 0:02:48]} 13. hxg3 {[%clk 0:03:06]} Bg4
{[%clk 0:02:34]} 1/2-1/2

[Event "c14"]
[Site "?"]
[Date "2020.08.27"]
[Round "7.4"]
[White "Jedraszek, Pawel"]
[Black "Malek, Jan"]
[Result "1-0"]
[BlackElo "1703"]
[WhiteElo "1490"]
[LiveChessVersion "1.4.8"]

1. e4 {[%clk 0:03:04]} d6 {[%clk 0:03:03]} 2. d4 {[%clk 0:03:05]} Nf6
{[%clk 0:03:04]} 3. Nc3 {[%clk 0:03:07]} Nbd7 {[%clk 0:03:03]} 4. f3
{[%clk 0:03:06]} e5 {[%clk 0:03:04]} 5. Nge2 {[%clk 0:03:07]} c6 {[%clk 0:03:06]}
6. Be3 {[%clk 0:03:08]} b5 {[%clk 0:03:06]} 7. Qd2 {[%clk 0:03:07]} Qc7
{[%clk 0:03:07]} 8. g4 {[%clk 0:03:08]} Nb6 {[%clk 0:03:06]} 9. Ng3
{[%clk 0:03:04]} Be6 {[%clk 0:03:07]} 10. g5 {[%clk 0:03:02]} Nfd7
{[%clk 0:03:07]} 11. d5 {[%clk 0:03:01]} cxd5 {[%clk 0:02:31]} 12. exd5
{[%clk 0:03:01]} a6 {[%clk 0:02:21]} 13. dxe6 {[%clk 0:03:02]} fxe6
{[%clk 0:02:21]} 14. O-O-O {[%clk 0:02:39]} d5 {[%clk 0:02:22]} 15. Bf2
{[%clk 0:02:24]} Rc8 {[%clk 0:02:10]} 16. Kb1 {[%clk 0:02:21]} Bb4
{[%clk 0:02:10]} 17. Nh5 {[%clk 0:01:46]} d4 {[%clk 0:01:56]} 18. Nxg7+
{[%clk 0:01:25]} Kf7 {[%clk 0:01:58]} 19. Bxd4 {[%clk 0:00:52]} Kxg7
{[%clk 0:01:47]} 20. Bxb6 {[%clk 0:00:48]} Nxb6 {[%clk 0:01:48]} 21. Qe3
{[%clk 0:00:25]} Bxc3 {[%clk 0:01:47]} 22. Qxc3 {[%clk 0:00:25]} Qxc3
{[%clk 0:01:45]} 23. bxc3 {[%clk 0:00:27]} Rxc3 {[%clk 0:01:45]} 24. Rd6
{[%clk 0:00:24]} Na4 {[%clk 0:01:47]} 25. Rxe6 {[%clk 0:00:22]} Rd8
{[%clk 0:01:47]} 26. Bd3 {[%clk 0:00:19]} Rd4 {[%clk 0:00:23]} 27. Re7+
{[%clk 0:00:11]} Kf8 {[%clk 0:00:23]} 28. Rxh7 {[%clk 0:00:11]} Rb4+
{[%clk 0:00:23]} 29. Kc1 {[%clk 0:00:12]} Ra3 {[%clk 0:00:18]} 30. Kd2
{[%clk 0:00:12]} Rxa2 {[%clk 0:00:15]} 31. g6 {[%clk 0:00:13]} e4
{[%clk 0:00:11]} 32. fxe4 {[%clk 0:00:13]} Kg8 {[%clk 0:00:11]} 33. Rf1
{[%clk 0:00:12]} Nc5 {[%clk 0:00:11]} 34. Rff7 {[%clk 0:00:05]} Nxe4+
{[%clk 0:00:07]} 35. Bxe4 {[%clk 0:00:06]} Rxe4 {[%clk 0:00:08]} 36. Rfg7+
{[%clk 0:00:07]} Kf8 {[%clk 0:00:10]} 37. Rf7+ {[%clk 0:00:08]} Kg8
{[%clk 0:00:11]} 38. Rhg7+ {[%clk 0:00:09]} Kh8 {[%clk 0:00:12]} 39. Rh7+
{[%clk 0:00:10]} Kg8 {[%clk 0:00:14]} 40. Ra7 {[%clk 0:00:10]} Re8
{[%clk 0:00:12]} 41. Rag7+ {[%clk 0:00:10]} Kf8 {[%clk 0:00:13]} 42. Rf7+
{[%clk 0:00:11]} Kg8 {[%clk 0:00:15]} 43. Rhg7+ {[%clk 0:00:11]} Kh8
{[%clk 0:00:16]} 44. Rh7+ {[%clk 0:00:11]} Kg8 {[%clk 0:00:17]} 45. Rc7
{[%clk 0:00:06]} Rd8+ {[%clk 0:00:18]} 46. Rhd7 {[%clk 0:00:05]} Rf8
{[%clk 0:00:18]} 47. Rg7+ {[%clk 0:00:06]} Kh8 {[%clk 0:00:19]} 48. Rh7+
{[%clk 0:00:08]} Kg8 49. Rcg7# 1-0

[Event "c14"]
[Site "?"]
[Date "2020.08.27"]
[Round "7.5"]
[White "Wieczorek, Mikolaj"]
[Black "Myrmus, Mateusz"]
[Result "1-0"]
[BlackElo "1434"]
[WhiteElo "1452"]
[LiveChessVersion "1.4.8"]

1. e4 e6 2. d4 d5 3. Nd2 Nf6 4. e5 Nfd7 5. Bd3 c5 6. c3 Nc6 7. Ndf3 cxd4 8. cxd4
f6 9. exf6 Nxf6 10. Ne2 Bd6 11. O-O O-O 12. h3 Qc7 13. Be3 Bd7 14. Rc1 Qb6 15. b3
Be8 16. Bf4 Bxf4 17. Nxf4 Nb4 18. Bb1 Ne4 19. Nd3 Nxd3 20. Qxd3 Bg6 21. Ne5 Nxf2
22. Qe3 Bxb1 23. Rxb1 Ne4 24. Rxf8+ Rxf8 25. Nd7 Qd6 26. Nxf8 Qxf8 27. Rf1 Qb4
28. Kh1 h6 29. Rd1 Qa3 30. Qf4 Qxa2 31. Rf1 Qe2 32. Kh2 Qd3 33. Qf7+ Kh8 34. Qg6
Qxf1 35. Qxe6 Qf4+ 36. Kg1 Qd6 37. Qe8+ Kh7 38. Qc8 b6 39. Qf5+ Kh8 40. Qc8+ Kh7
41. Qf5+ Qg6 42. Qd7 Nf6 43. Qxa7 Nh5 44. Qd7 Nf4 45. Qg4 1-0

[Event "c14"]
[Site "?"]
[Date "2020.08.27"]
[Round "7.6"]
[White "Ciszewski, Krzysztof"]
[Black "Karolczuk, Iwo"]
[Result "0-1"]
[BlackElo "2044"]
[WhiteElo "1603"]
[LiveChessVersion "1.4.8"]

1. d4 {[%clk 0:03:03]} Nf6 {[%clk 0:03:03]} 2. c4 {[%clk 0:03:04]} e6
{[%clk 0:03:04]} 3. Nc3 {[%clk 0:03:05]} Bb4 {[%clk 0:03:05]} 4. e3
{[%clk 0:03:06]} O-O {[%clk 0:03:06]} 5. Bd3 {[%clk 0:03:07]} b6 {[%clk 0:03:06]}
6. e4 {[%clk 0:03:08]} Bb7 {[%clk 0:02:59]} 7. e5 {[%clk 0:03:09]} Ne4
{[%clk 0:02:58]} 8. Nge2 {[%clk 0:03:10]} f5 {[%clk 0:02:56]} 9. O-O
{[%clk 0:02:59]} Nxc3 {[%clk 0:02:57]} 10. bxc3 {[%clk 0:02:59]} Be7
{[%clk 0:02:57]} 11. Nf4 {[%clk 0:02:51]} Nc6 {[%clk 0:02:51]} 12. Re1
{[%clk 0:02:47]} Qe8 {[%clk 0:02:34]} 13. d5 {[%clk 0:02:40]} Nd8
{[%clk 0:02:34]} 14. Bc2 {[%clk 0:02:22]} Bc5 {[%clk 0:02:32]} 15. Nd3
{[%clk 0:01:17]} Be7 {[%clk 0:02:26]} 16. Nf4 {[%clk 0:01:13]} Bg5
{[%clk 0:01:53]} 17. Ba4 {[%clk 0:01:01]} c6 {[%clk 0:01:50]} 18. Ba3
{[%clk 0:00:38]} Bxf4 {[%clk 0:01:31]} 19. Bxf8 {[%clk 0:00:39]} Kxf8
{[%clk 0:01:30]} 20. dxe6 {[%clk 0:00:34]} Nxe6 {[%clk 0:01:29]} 21. Qd6+
{[%clk 0:00:33]} Qe7 {[%clk 0:01:30]} 22. Rad1 {[%clk 0:00:33]} Qxd6
{[%clk 0:01:29]} 23. Rxd6 {[%clk 0:00:33]} Ke7 {[%clk 0:01:28]} 24. Rdd1
{[%clk 0:00:28]} Ba6 {[%clk 0:01:28]} 25. Bb3 {[%clk 0:00:29]} Nc5
{[%clk 0:01:27]} 26. g3 {[%clk 0:00:29]} Bh6 {[%clk 0:01:26]} 27. f4
{[%clk 0:00:28]} g6 {[%clk 0:01:17]} 28. Kg2 {[%clk 0:00:22]} Bb7
{[%clk 0:01:17]} 29. Kg1 {[%clk 0:00:20]} a5 {[%clk 0:01:18]} 30. Bc2
{[%clk 0:00:14]} Ba6 {[%clk 0:01:18]} 31. Rd6 {[%clk 0:00:13]} Bxc4
{[%clk 0:01:16]} 32. Red1 {[%clk 0:00:13]} Be6 {[%clk 0:01:16]} 33. Bb3
{[%clk 0:00:10]} Nxb3 {[%clk 0:01:12]} 34. axb3 {[%clk 0:00:11]} Bf8
{[%clk 0:01:09]} 35. c4 {[%clk 0:00:10]} Ke8 {[%clk 0:01:10]} 36. R6d3
{[%clk 0:00:11]} Bc5+ {[%clk 0:01:10]} 37. Kg2 {[%clk 0:00:11]} Ke7
{[%clk 0:01:07]} 38. h3 {[%clk 0:00:09]} h6 {[%clk 0:01:07]} 39. h4
{[%clk 0:00:08]} Rg8 {[%clk 0:01:07]} 40. Kf3 {[%clk 0:00:08]} Kd8
{[%clk 0:01:05]} 41. Kg2 {[%clk 0:00:08]} Kc7 {[%clk 0:01:06]} 42. Kf3
{[%clk 0:00:09]} Ra8 {[%clk 0:01:03]} 43. Ra1 {[%clk 0:00:08]} Bb4
{[%clk 0:01:00]} 44. Rad1 {[%clk 0:00:07]} a4 {[%clk 0:00:59]} 45. bxa4
{[%clk 0:00:07]} Rxa4 {[%clk 0:01:00]} 46. Rd4 {[%clk 0:00:05]} Bc5
{[%clk 0:01:01]} 47. R4d3 {[%clk 0:00:06]} Rxc4 {[%clk 0:01:01]} 48. Ra1
{[%clk 0:00:06]} Bd5+ {[%clk 0:00:57]} 49. Ke2 {[%clk 0:00:06]} Kb7
{[%clk 0:00:56]} 50. Rd2 {[%clk 0:00:05]} b5 {[%clk 0:00:54]} 51. Ke1
{[%clk 0:00:04]} Bb4 {[%clk 0:00:55]} 0-1

[Event "c14"]
[Site "?"]
[Date "2020.08.27"]
[Round "7.7"]
[White "Paprocki, Antoni"]
[Black "Wilk, Igor"]
[Result "1-0"]
[BlackElo "1483"]
[WhiteElo "1878"]
[LiveChessVersion "1.4.8"]

1. d4 Nf6 2. c4 e6 3. g3 d5 4. Bg2 Be7 5. Nf3 O-O 6. O-O Nbd7 7. Nbd2 b6 8. b3
Bb7 9. cxd5 exd5 10. Bb2 c5 11. Rc1 Rc8 12. Nb1 Ne4 13. Nc3 Nxc3 14. Bxc3 Bf6 15.
Qd2 Re8 16. e3 Qe7 17. Rfd1 h6 18. Ne1 cxd4 19. Bxd4 Bxd4 20. Qxd4 Nf6 21. Nd3
Ne4 22. Nf4 Rxc1 23. Rxc1 Rd8 24. Nh5 f6 25. Nf4 Qe5 26. Bxe4 Qxd4 27. exd4 dxe4
28. d5 g5 29. Nh5 Rd6 30. Rc7 Bxd5 31. Ng7 Bf7 32. Nf5 Rd1+ 33. Kg2 Bd5 34. Ne3
Rd3 35. Rxa7 Bc6 36. Ra6 Bd7 1-0

[Event "c14"]
[Site "?"]
[Date "2020.08.27"]
[Round "7.8"]
[White "Czernecki, Andrzej"]
[Black "Demski, Michal"]
[Result "0-1"]
[BlackElo "1773"]
[WhiteElo "1587"]
[LiveChessVersion "1.4.8"]

1. e4 {[%clk 0:03:04]} d6 {[%clk 0:03:01]} 2. d4 {[%clk 0:03:03]} Nf6
{[%clk 0:03:02]} 3. Nc3 {[%clk 0:03:04]} Nbd7 {[%clk 0:03:02]} 4. f4
{[%clk 0:03:03]} e5 {[%clk 0:03:03]} 5. dxe5 {[%clk 0:03:03]} dxe5
{[%clk 0:03:04]} 6. Nf3 {[%clk 0:03:03]} exf4 {[%clk 0:02:27]} 7. Bxf4
{[%clk 0:03:03]} Bb4 {[%clk 0:02:28]} 8. Bd3 {[%clk 0:02:57]} O-O
{[%clk 0:02:19]} 9. O-O {[%clk 0:02:58]} Nc5 {[%clk 0:02:09]} 10. e5
{[%clk 0:02:03]} Bxc3 {[%clk 0:01:58]} 11. bxc3 {[%clk 0:02:03]} Nd5
{[%clk 0:01:57]} 12. Bd2 {[%clk 0:01:53]} Bg4 {[%clk 0:01:12]} 13. c4
{[%clk 0:01:50]} Nb6 {[%clk 0:00:21]} 14. Qe2 {[%clk 0:01:24]} Re8
{[%clk 0:00:15]} 15. Bxh7+ {[%clk 0:01:17]} Kxh7 {[%clk 0:00:09]} 16. Ng5+
{[%clk 0:01:17]} Qxg5 {[%clk 0:00:10]} 17. Bxg5 {[%clk 0:00:39]} Bxe2
{[%clk 0:00:11]} 18. Rxf7 {[%clk 0:00:40]} Bxc4 {[%clk 0:00:11]} 19. Rxc7
{[%clk 0:00:36]} Rac8 {[%clk 0:00:09]} 20. Rxc8 {[%clk 0:00:21]} Rxc8
{[%clk 0:00:08]} 21. Rd1 {[%clk 0:00:19]} Bxa2 {[%clk 0:00:08]} 22. Ra1
{[%clk 0:00:15]} Bd5 {[%clk 0:00:05]} 23. Kf2 {[%clk 0:00:08]} Ne4+
{[%clk 0:00:06]} 0-1

[Event "c14"]
[Site "?"]
[Date "2020.08.27"]
[Round "7.9"]
[White "Herwy, Jakub"]
[Black "Kubik, Rafal"]
[Result "1-0"]
[BlackElo "1229"]
[WhiteElo "1741"]
[LiveChessVersion "1.4.8"]

1. e4 {[%clk 0:03:03]} e5 {[%clk 0:03:03]} 2. Bc4 {[%clk 0:03:04]} Nc6
{[%clk 0:03:04]} 3. d3 {[%clk 0:03:05]} Bc5 {[%clk 0:02:59]} 4. Nc3
{[%clk 0:03:06]} a6 {[%clk 0:02:43]} 5. f4 {[%clk 0:03:05]} d6 {[%clk 0:02:40]}
6. Nf3 {[%clk 0:03:05]} Nge7 {[%clk 0:02:17]} 7. Ng5 {[%clk 0:02:53]} Be6
{[%clk 0:00:34]} 8. Bxe6 {[%clk 0:02:45]} fxe6 {[%clk 0:00:35]} 9. Nxe6
{[%clk 0:02:37]} Qd7 10. Nxg7+ {[%clk 0:02:32]} Kf7 {[%clk 0:00:35]} 11. Nh5
{[%clk 0:02:24]} Rhg8 {[%clk 0:00:25]} 12. Ng3 {[%clk 0:02:15]} 1-0

[Event "c14"]
[Site "?"]
[Date "2020.08.27"]
[Round "7.10"]
[White "Zdybel, Przemyslaw"]
[Black "Madajczak, Piotr"]
[Result "1-0"]
[BlackElo "1700"]
[WhiteElo "1569"]
[LiveChessVersion "1.4.8"]

1. e4 {[%clk 0:03:03]} d5 {[%clk 0:03:03]} 2. exd5 {[%clk 0:03:03]} Qxd5
{[%clk 0:03:04]} 3. Nc3 {[%clk 0:03:04]} Qd6 {[%clk 0:03:05]} 4. d4
{[%clk 0:03:03]} Nf6 {[%clk 0:03:06]} 5. Nge2 {[%clk 0:03:03]} c6
{[%clk 0:03:00]} 6. Bf4 {[%clk 0:03:00]} Qd8 {[%clk 0:03:00]} 7. g3
{[%clk 0:02:57]} Bf5 {[%clk 0:03:00]} 8. Bg2 {[%clk 0:02:58]} e6 {[%clk 0:03:01]}
9. O-O {[%clk 0:02:57]} Bd6 {[%clk 0:03:01]} 10. Qd2 {[%clk 0:02:55]} O-O
{[%clk 0:03:00]} 11. h3 {[%clk 0:02:53]} Nd5 {[%clk 0:02:46]} 12. Bxd6
{[%clk 0:02:53]} Qxd6 {[%clk 0:02:47]} 13. Ne4 {[%clk 0:02:53]} Qd8
{[%clk 0:02:42]} 14. g4 {[%clk 0:02:49]} Bg6 {[%clk 0:02:41]} 15. f4
{[%clk 0:02:47]} f5 {[%clk 0:02:17]} 16. Ng5 {[%clk 0:02:48]} Qd7
{[%clk 0:02:09]} 17. c4 {[%clk 0:02:25]} Nb6 {[%clk 0:02:00]} 18. b3
{[%clk 0:02:17]} fxg4 {[%clk 0:01:42]} 19. hxg4 {[%clk 0:02:18]} h6
{[%clk 0:01:43]} 20. Nf3 {[%clk 0:02:15]} Bh7 {[%clk 0:01:31]} 21. Ne5
{[%clk 0:02:16]} Qe7 {[%clk 0:01:23]} 22. g5 {[%clk 0:02:09]} Bf5
{[%clk 0:01:04]} 23. Ng3 {[%clk 0:02:07]} N8d7 {[%clk 0:00:51]} 24. Rad1
{[%clk 0:02:01]} Nxe5 {[%clk 0:00:43]} 25. dxe5 {[%clk 0:02:02]} Rad8
{[%clk 0:00:40]} 26. Qe3 {[%clk 0:02:01]} Rxd1 {[%clk 0:00:16]} 27. Rxd1
{[%clk 0:01:59]} Rd8 {[%clk 0:00:16]} 28. Re1 {[%clk 0:01:47]} Nd7
{[%clk 0:00:05]} 29. Nxf5 {[%clk 0:01:44]} exf5 {[%clk 0:00:06]} 30. e6
{[%clk 0:01:35]} Nf8 {[%clk 0:00:07]} 31. Bh3 {[%clk 0:01:30]} hxg5
{[%clk 0:00:04]} 32. fxg5 {[%clk 0:01:29]} g6 {[%clk 0:00:06]} 33. Bg2
{[%clk 0:01:16]} Rd6 {[%clk 0:00:07]} 34. Qxa7 {[%clk 0:01:10]} Rxe6
{[%clk 0:00:08]} 35. Rxe6 {[%clk 0:01:08]} Nxe6 {[%clk 0:00:09]} 36. Qb8+
{[%clk 0:00:55]} Kg7 {[%clk 0:00:08]} 37. Qe5+ {[%clk 0:00:55]} Kf7
{[%clk 0:00:09]} 38. Qh8 {[%clk 0:00:47]} Qc5+ {[%clk 0:00:07]} 39. Kh1
{[%clk 0:00:45]} Qf8 {[%clk 0:00:04]} 40. Qf6+ {[%clk 0:00:45]} Ke8
{[%clk 0:00:03]} 41. Qxe6+ {[%clk 0:00:45]} Kd8 {[%clk 0:00:05]} 42. Qxg6
{[%clk 0:00:41]} Qh8+ {[%clk 0:00:06]} 43. Qh6 {[%clk 0:00:41]} Qa1+
{[%clk 0:00:07]} 44. Kh2 {[%clk 0:00:40]} Qe5+ {[%clk 0:00:08]} 45. Kg1
{[%clk 0:00:37]} Qa1+ {[%clk 0:00:09]} 46. Kf2 {[%clk 0:00:38]} Qb2+
{[%clk 0:00:09]} 47. Kg3 {[%clk 0:00:39]} Qe5+ {[%clk 0:00:11]} 48. Kf3
{[%clk 0:00:38]} Qe4+ {[%clk 0:00:11]} 49. Kf2 {[%clk 0:00:39]} Qd4+
{[%clk 0:00:12]} 50. Kg3 {[%clk 0:00:40]} Qe5+ {[%clk 0:00:13]} 51. Kh4
{[%clk 0:00:37]} Qh2+ {[%clk 0:00:08]} 52. Bh3 {[%clk 0:00:38]} Qf4+
{[%clk 0:00:05]} 53. Kh5 {[%clk 0:00:39]} Qg3 {[%clk 0:00:06]} 54. Qf6+
{[%clk 0:00:38]} Kc7 {[%clk 0:00:06]} 55. Bxf5 {[%clk 0:00:36]} Qh2+
{[%clk 0:00:06]} 56. Kg6 {[%clk 0:00:37]} Qxa2 {[%clk 0:00:04]} 57. Qe5+
{[%clk 0:00:36]} Kb6 {[%clk 0:00:04]} 58. c5+ {[%clk 0:00:37]} Ka7
{[%clk 0:00:05]} 59. b4 {[%clk 0:00:37]} Qg8+ {[%clk 0:00:05]} 60. Kh5
{[%clk 0:00:36]} Qc4 {[%clk 0:00:05]} 61. Qe4 {[%clk 0:00:35]} Qg8
{[%clk 0:00:04]} 62. g6 {[%clk 0:00:36]} Qh8+ {[%clk 0:00:05]} 63. Kg5
{[%clk 0:00:37]} Qd8+ {[%clk 0:00:06]} 64. Kg4 {[%clk 0:00:38]} Qd1+
{[%clk 0:00:07]} 65. Kf4 {[%clk 0:00:38]} Qd2+ {[%clk 0:00:07]} 66. Qe3
{[%clk 0:00:37]} Qh2+ {[%clk 0:00:06]} 67. Ke4 {[%clk 0:00:38]} Qg2+
{[%clk 0:00:07]} 68. Ke5 {[%clk 0:00:38]} Qb2+ {[%clk 0:00:06]} 69. Ke6
{[%clk 0:00:36]} Qa2+ {[%clk 0:00:05]} 70. Ke7 {[%clk 0:00:34]} Qg8
{[%clk 0:00:06]} 71. Qe5 {[%clk 0:00:31]} Ka6 {[%clk 0:00:04]} 72. g7
{[%clk 0:00:30]} b5 {[%clk 0:00:05]} 73. cxb6 {[%clk 0:00:29]} Kxb6
{[%clk 0:00:06]} 74. Be6 {[%clk 0:00:27]} Qh7 {[%clk 0:00:07]} 75. Kf8
{[%clk 0:00:16]} Qh6 {[%clk 0:00:07]} 76. Qf5 {[%clk 0:00:16]} Kc7
{[%clk 0:00:04]} 77. Qf7+ {[%clk 0:00:16]} Kd6 {[%clk 0:00:03]} 78. Ke8
{[%clk 0:00:15]} Qxe6+ {[%clk 0:00:00]} 79. Qxe6+ {[%clk 0:00:15]} Kxe6
{[%clk 0:00:00]} 1-0

[Event "c14"]
[Site "?"]
[Date "2020.08.27"]
[Round "7.11"]
[White "Backiel, Hubert"]
[Black "Matela, Krzysztof"]
[Result "0-1"]
[BlackElo "1692"]
[WhiteElo "1547"]
[LiveChessVersion "1.4.8"]

1. e4 c5 2. Nf3 e6 3. d4 cxd4 4. Nxd4 Qb6 5. Nc3 Bc5 6. Be3 Nc6 7. Na4 Qa5+ 8. c3
Bxd4 9. Bxd4 Nxd4 10. Qxd4 e5 11. Qd1 Nf6 12. Bd3 d6 13. O-O b5 14. b4 Qxa4 15.
Qe2 Bd7 16. c4 bxc4 17. Bxc4 O-O 18. a3 a6 19. Rad1 Bb5 20. Rxd6 Bxc4 21. Qxc4
Qxa3 22. Rfd1 Rac8 23. Qe2 Rc1 24. h3 Rxd1+ 25. Rxd1 Qxb4 26. Qxa6 Qxe4 27. Qd6
Qg6 28. Qxe5 h6 29. Rd6 Qh5 30. Qg3 Ne4 31. Rd5 Nxg3 32. Rxh5 Nxh5 0-1